| 000 | 01577nam a2200205Ia 4500 | ||
|---|---|---|---|
| 003 | Ost | ||
| 005 | 20260507074955.0 | ||
| 008 | 260507s9999||||xx |||||||||||||| ||und|| | ||
| 040 | _cfsecg | ||
| 041 | _aara | ||
| 082 | _a657 | ||
| 100 |
_aعبيد، حسين _eمؤلف |
||
| 245 | 0 |
_aالمراجعة المتقدمة في بيئة الأعمال المعاصرة / _c حسين عبيد |
|
| 260 |
_aالإسكندرية: _bالدار الجامعية, _c2007 |
||
| 300 |
_a335 صفحة؛ _bإيضاحات ؛ _c25 سم |
||
| 520 | _aفجوة التوقعات ومستقبل مهنة المحاسبة والمراجعة في مصر في بيئة تكنولوجيا المعلومات والتجارة الإليكترونية،المراجعة وتكنولوجيا المعلومات واستخدام الحاسب الآلي،المراجعة المستمرة في ظل التجارة الإليكترونية،التأكيد المهني على الثقة في مواقع الشركات على الإنترنتWeb Trustوالتأكيد على الثقة في نظم المعلومات الفوريةSys.Trust،فحص القوائم المالية المرحلية(الدورية)،مراجعة القوائم المالية المختصرة والمعلومات المالية والقطاعية والمعلومات الأخرى المرافقة للقوائم المالية،اختبار المعلومات المالية المستقبلية | ||
| 653 | _aمراجعة الحسابات | ||
| 700 |
_aشحاته، السيد _eمؤلف ثانوي |
||
| 942 | _cكتاب | ||
| 999 |
_c42023 _d42023 |
||